North Macedonia Players Biggest Transfers - Statistics

General Stats
  • This quiz has been taken 30 times
  • The average score is 10 of 26
Answer Stats
Player From Joined % Correct
SS Goran Pandev 04/05 Inter Milan Lazio
100%
SS Goran Pandev 12/13 Inter Milan Napoli
100%
SS Goran Pandev 11/12 Inter Milan Napoli
100%
CM Eljif Elmas 19/20 Fenerbahce Napoli
85%
LB Ezgjan Alioski 17/18 Lugano Leeds United
69%
AM Enis Bardhi 22/23 Levante Trabzonspor
62%
AM Enis Bardhi 17/18 Ujpest Levante
62%
LW Darko Churlinov 22/23 Stuttgart Burnley
50%
RB Stefan Ristovski 18/19 HNK Rijeka Sporting CP
46%
RB Stefan Ristovski 17/18 HNK Rijeka Sporting CP
46%
RB Stefan Ristovski 20/21 Sporting CP Dinamo Zagreb
46%
ST Darko Pancev 92/93 Crvena Zvezda Inter Milan
42%
LW Aleksandar Trajkovski 11/12 Inter Zapresic Zulte Waregem
35%
SS Ivan Trickovski 12/13 APOEL Nicosia Club Brugge
23%
ST Gjorgji Hristov 97/98 Partizan Belgrade Barnsley
19%
CM Isnik Alimi 15/16 Chievo Verona Atalanta
15%
CB Goce Sedloski 97/98 Hajduk Split Sheffield Wednesday
12%
CB Goce Sedloski 04/05 Dinamo Zagreb Vegalta Sendai
12%
ST Sasa Ciric 99/00 Nuremberg Tennis Borussia Berlin
12%
ST Adis Jahovic 17/18 Goztepe Konyaspor
8%
ST Adis Jahovic 19/20 Konyaspor Yeni Malatyaspor
8%
ST David Toshevski 20/21 Rabotnicki Rostov
8%
CB Aleksandar Mitreski 02/03 Young Boys Grasshoppers
4%
LB Goran Popov 10/11 Heerenveen Dynamo Kyiv
4%
CB Igor Gjuzelov 01/02 Hajduk Split Shakhtar Donetsk
4%
RB Robert Popov 07/08 Litex Lovech Auxerre
4%
No matching quizzes found
Score Distribution
Percent of People with Each Score
Percentile by Number Answered
Your Score History
You have not taken this quiz